Corporate governance / (Record no. 18732)
[ view plain ]
| 000 -LEADER | |
|---|---|
| fixed length control field | 01000cam a2200265 a 4500 |
| 005 - DATE AND TIME OF LATEST TRANSACTION | |
| control field | 20230613111106.0 |
| 008 - FIXED-LENGTH DATA ELEMENTS--GENERAL INFORMATION | |
| fixed length control field | 120228s2010 ii a b 001 0 eng |
| 010 ## - LIBRARY OF CONGRESS CONTROL NUMBER | |
| LC control number | 2011410696 |
| 020 ## - INTERNATIONAL STANDARD BOOK NUMBER | |
| ISBN | 0198062230 |
| 040 ## - CATALOGING SOURCE | |
| Original cataloging agency | DLC |
| Transcribing agency | DLC |
| Modifying agency | DLC |
| 042 ## - AUTHENTICATION CODE | |
| Authentication code | pcc |
| 082 00 - DEWEY DECIMAL CLASSIFICATION NUMBER | |
| Classification number | 658.42 |
| Edition number | 23 |
| Item number | SAT-C |
| 100 1# - MAIN ENTRY--AUTHOR | |
| Author Name | Satheesh Kumar, T. N. |
| 245 10 - TITLE STATEMENT | |
| Title | Corporate governance / |
| Statement of responsibility, etc. | T.N. Satheesh Kumar. |
| 260 ## - PUBLICATION, DISTRIBUTION, ETC. | |
| Place of Publication | Oxford ; |
| -- | New York : |
| Name of publisher, distributor, etc. | Oxford University Press, |
| Date of publication, distribution, etc. | 2010. |
| 300 ## - PHYSICAL DESCRIPTION | |
| Pages | xiv, 569 p. : |
| 504 ## - BIBLIOGRAPHY, ETC. NOTE | |
| Bibliography, etc. note | Includes bibliographical references and index. |
| 650 #0 - SUBJECT ADDED ENTRY--TOPICAL TERM | |
| Subject / Department | Corporate governance. |
| 650 #0 - SUBJECT ADDED ENTRY--TOPICAL TERM | |
| Subject / Department | Corporate governance |
| Form subdivision | Case studies. |
| 300 ## - PHYSICAL DESCRIPTION | |
| -- | ill. ; |
| -- | 25 cm. |
| 856 42 - | |
| -- | Publisher description |
| -- | http://www.loc.gov/catdir/enhancements/fy1409/2011410696-d.html |
| 856 41 - | |
| -- | Table of contents only |
| -- | http://www.loc.gov/catdir/enhancements/fy1409/2011410696-t.html |
| 906 ## - LOCAL DATA ELEMENT F, LDF (RLIN) | |
| a | 7 |
| b | cbc |
| c | origres |
| d | 2 |
| e | ncip |
| f | 20 |
| g | y-gencatlg |
| 952 ## - LOCATION AND ITEM INFORMATION (KOHA) | |
| -- | 0 |
| -- | 0 |
| Lost status | Damaged status | Permanent Location | Current Location | Shelving Location | Date acquired | Full Call Number | Accession No./Barcode | Date last seen | item type |
|---|---|---|---|---|---|---|---|---|---|
| Superior Information Resource Center (SIRC) Superior University- Gold Campus | Superior Information Resource Center (SIRC) Superior University- Gold Campus | MISC | 06/13/2023 | 658.42 SAT-C 2010 | 19312 | 09/11/2023 | BOOK |
